000 00614nam a2200181Ia 4500
003 GCL
008 140319s9999 xx 000 0 ara d
040 _aGCL /
_cGCL
082 0 4 _a922.118
_bم ا
100 1 _aمحمد احمد درنيقة
245 1 0 _aالسيد محمد رشيد رمضان : اصلاحاتة الاجتماعية والدينية /
_cمحمد احمد درنيقة
300 _a286 ص
490 _a
650 0 4 _aالاسلام والاصلاح الاجتماعى
650 0 4 _aالاسلام والاصلاح الدينى
650 0 4 _aالاسلام - تراجم
942 _2ddc
_cBK
999 _c41650
_d41650